| 000 | 00794nam a2200229 a 4500 | ||
|---|---|---|---|
| 001 | 000686719 | ||
| 003 | AM-YeHGA | ||
| 005 | 20250617142300.0 | ||
| 008 | 090930s2008 nyu r 000 0 eng d | ||
| 040 | _aAM-YeHGA | ||
| 041 | 0 | _aeng | |
| 100 | 1 | _aPlatnick, Norman I. | |
| 245 | 1 | 0 |
_aOn the first Asian spiders of the family Caponiidae (Araneae, Haplogynae), with notes on the African genus Diploglena / _cNorman I. Platnick and Peter Jager. |
| 260 |
_aNew York : _bAmerican Museum of Natural History, _c2008. |
||
| 300 |
_a12 p. : _bill. : figs. |
||
| 440 | 0 |
_aAmerican Museum Novitates _x0003-0082 _vNo. 3634 |
|
| 504 | _aIncludes bibliogr. references : (p. 11-12) | ||
| 650 | 1 | 4 | _aZoology |
| 700 | 1 | _aJager, Peter | |
| 710 | 2 | _aAmerican Museum of Natural History | |
| 090 | _c256315 | ||
| 999 |
_c254712 _d254712 |
||